| 000 | 01132nam a22002537a 4500 | ||
|---|---|---|---|
| 999 |
_c22200 _d22200 |
||
| 003 | AR-CdUCM | ||
| 008 | 190425b ||||| |||| 00| 0 spa d | ||
| 040 |
_aMUNICIPALIDAD PROVINCIAL DEL CUSCO _cBIBLIOTECA MUNICIPAL DEL CUSCO |
||
| 082 | _aBurrito/N°55/2013 | ||
| 245 |
_aEl burrito cienciano : _bpublicación a nivel nacional / _cHugo Chacón Núñez, Director y fundador |
||
| 260 |
_aCusco. _aLima. _bESCOMES, _c2013. |
||
| 300 |
_a38 páginas. : _bilustraciones ; _c29 cm. |
||
| 440 |
_aEl Burrito Cienciano. _nN°55 junio-julio 2013. _947627 |
||
| 505 | _aContenido: Cusco magico orgullo de la humanidad. -- Cuidemos el recurso del agua. -- Discurso en homenaje al Combate del 2 de mayo. -- Armando Villanueva y la juventud. -- Arguedas el Cusco y los cusqueños. -- José Carlos Mariátegui. -- Burri fotos. | ||
| 650 |
_aPolítica cusqueña _947381 |
||
| 650 |
_aCultura andina _947570 |
||
| 650 |
_aSociedad cusqueña _947493 |
||
| 650 |
_aSiglo XX _947561 |
||
| 700 |
_aMarín, Lida _947628 |
||
| 700 |
_aCáceres Núñez, Jesús _947629 |
||
| 700 |
_aChacón Málaga, Hugo _947630 |
||
| 942 |
_2ddc _cPP |
||
| 945 | _arac | ||